[Event "Dubai op 11th"]
[Site "Dubai"]
[Date "2009.04.28"]
[Round "3"]
[White "Kayumov, Sergey"]
[Black "Darwish, Mohamed"]
[Result "1-0"]
[WhiteElo "2450"]
[BlackElo "2120"]
[PlyCount "61"]
[EventDate "2009.04.26"]
[EventType "swiss"]
[EventRounds "9"]
[EventCountry "UAE"]
[SourceTitle "CBM 130 Extra"]
[Source "ChessBase"]
[SourceDate "2009.07.02"]
[SourceVersion "2"]
[SourceVersionDate "2009.07.15"]
[SourceQuality "1"]

1. e4 c6 2. Nf3 d5 3. exd5 cxd5 4. Ne5 Nf6 5. d4 Nbd7 6. Bd3 Nxe5 7. dxe5 Nd7 8. e6 Ne5 9. exf7+ Nxf7 10. Bb5+ Bd7 11. Qxd5 Bxb5 12. Qxb5+ Qd7 13. Qxd7+ Kxd7 14. Be3 e5 15. Nc3 Bb4 16. 0-0-0+ Kc6 17. Ne4 Rhd8 18. Bg5 Rd4 19. Rxd4 exd4 20. Bf4 Re8 21. f3 Bd6 22. Bxd6 Nxd6 23. Nxd6 Kxd6 24. Kd2 Re6 25. Re1 Rg6 26. Re2 Kd5 27. Kd3 b5 28. f4 a5 29. g3 a4 30. Re5+ Kc6 31. Kxd4 1-0